Normal view
MARC view
- SUPERVISOR DR. AQIB PERVAIZ
Entry Corporate Name
001 - CONTROL NUMBER
- control field: 124331
003 - CONTROL NUMBER IDENTIFIER
- control field: NUST
005 - DATE AND TIME OF LATEST TRANSACTION
- control field: 20240709201603.0
008 - FIXED-LENGTH DATA ELEMENTS
- fixed length control field: 240709|| aca||aabn | a|a d
040 ## - CATALOGING SOURCE
- Original cataloging agency: NUST
- Transcribing agency: NUST
110 ## - HEADING--CORPORATE NAME
- Corporate name or jurisdiction name as entry element: SUPERVISOR DR. AQIB PERVAIZ
670 ## - SOURCE DATA FOUND
- Source citation: Work cat.: (NUST): GC MUHAMMAD SHARJEEL GC HAMZA ILYAS GC HAMZA YAHYA 124330, PR-SOF-2383-Design And Development Of Digital Driver Panel With Data Logging Capabilities (Gyrocompass, Odometer Speedometer), 2023.
